Debate pedagógico durante el Porfiriato.

保存先:
書誌詳細
第一著者: Bazant, Milada (autor)
フォーマット: 図書
言語:スペイン語
シリーズ:(Biblioteca pedagógica ; no. 39)
主題:
タグ: タグ追加
タグなし, このレコードへの初めてのタグを付けませんか!

MARC

LEADER 00000cam^a2200000uu^4500
001 000479955
005 20250521000000.0
008 050901s1985^^^^^^^^^^^^rd^r^^000^0^spa^d
009 20260310124950.866
022 |a 9686011706 
035 |a FCE 000022962 
035 |a FCE 004141 
037 |a Acervo ITESO - Biblioteca 
041 |a spa 
082 0 4 |a 082.1  |b SECa 39 
100 |a Bazant, Milada  |e (autor) 
245 1 0 |a Debate pedagógico durante el Porfiriato. 
264 |a México :  |b SEP : El Caballito,  |c 1985. 
300 |a 157 p. 
336 |a texto  |b txt  |2 rdacontenido 
337 |a sin mediación  |b n  |2 rdamedio 
338 |a volumen  |b nc  |2 rdasoporte 
440 0 |a (Biblioteca pedagógica ;  |v no. 39) 
649 |a XX 
650 |a Educación integral 
650 |a Siglo veinte 
650 |a Capacitación 
910 |a Fondo Centro de Estudios Educativos 
920 |a Impresos - Libros 
930 |a Fondos Especiales 
905 |a 133 
901 |a ALE004141  |b IT2  |c CEE  |u 20250521 
901 |a ALE045426  |b IT2  |c CEE  |u 20250521 
901 |a ALE045427  |b IT2  |c CEE  |u 20250521 
902 |a https://opac.biblio.iteso.mx/vufind/Record/000479955